00799nam a22002175a 450000500170000000800410001704000380005804300120009608200230010811000580013124500730018926000540026230000340031649000210035065000520037165100100042365300200043394200080045399900170046195201030047820180320151429.0180320s1965 enka fr 000 0 eng d aEG-ScBUEbengcEG-ScBUEdEG-ScBUE ae-uk---04222a330.94276bNOR1 aGreat Britain.bDepartment of Economic Affairs94182014aThe North West :ba regional study /cDepartment of Economic Faairs. aLondon :bHer Majesty's Stationery Office,c1965. axii, 174 p. :bill. ;c24 cm.0 aA regional study 72BUEshaRegional planningzGreat Britain.933411 2BUEsh bGGENcMarch2018 2ddc c26371d26343 00102ddc4070aMAINbMAINc1STd2018-03-20l0o330.94276 NORp000047473r2025-07-15 00:00:00yBB